000
00314nam a2200157Ia 4500
100
_a
Ruskin Bond
650
_a
Ficiton
942
_c
BK
366
_f
20
654
_a
delhi
245
_a
Delhi is not far.
260
_b
Penquin books
_c
1994
082
_a
808.83/RUS
_b
RUS
300
_a
428
546
_a
ENGLISH
999
_c
28908
_d
28908